Lectures on the epistle to the Romans. (Record no. 16443)

000 -LEADER
fixed length control field 00504nam a2200169 a 4500
001 - CONTROL NUMBER
control field :::00019337$&:&@@
003 - CONTROL NUMBER IDENTIFIER
control field OkBaRHE
005 - DATE AND TIME OF LATEST TRANSACTION
control field 20010308145047.0
008 - FIXED-LENGTH DATA ELEMENTS--GENERAL INFORMATION
fixed length control field s1938 j 000 0 eng u
040 ## - CATALOGING SOURCE
Transcribing agency
100 1# - MAIN ENTRY--PERSONAL NAME
Personal name I-ronside, H. A., 1876-1951
245 10 - TITLE STATEMENT
Title Lectures on the epistle to the Romans.
260 ## - PUBLICATION, DISTRIBUTION, ETC. (IMPRINT)
Name of publisher, distributor, etc Loizeaux Brothers New York
Date of publication, distribution, etc 1938
300 ## - PHYSICAL DESCRIPTION
Extent 176 p.
942 ## - ADDED ENTRY ELEMENTS (KOHA)
Source of classification or shelving scheme
Koha item type Books
Copies
Copy number Source of classification or shelving scheme Full call number Withdrawn status Shelving location Damaged status Price effective from Permanent Location Date acquired Not for loan Barcode Date last seen Koha item type Lost status
1 BS 2665 .I75 General Stacks 2010-04-14RHEMA Bible Training College2010-04-14 193372018-03-28Books